MARC

LEADER 00000nam0a2200000 4500
001 311316
005 20231102002356.0
020 |a RU  |b 82-13206 
035 |a (RuTPU)RU\TPU\book\336673 
090 |a 311316 
100 |a 20151204d1981 km y0rusy5003 ca 
101 0 |a rus 
102 |a RU 
105 |a a z 001zy 
200 1 |a Основы одноэлектронной теории твердого тела  |f Л. И. Ястребов, А. А. Кацнельсон 
210 |a Москва  |c Наука  |d 1981 
215 |a 320 с.  |c ил. 
320 |a Библиогр.: с. 308-320 
606 1 |a Твердые тела  |x Электронная теория  |2 stltpush  |3 (RuTPU)RU\TPU\subj\58714  |9 76471 
610 1 |a псевдопотенциальная теория 
610 1 |a псевдопотенциалы 
610 1 |a теория рассеяния 
610 1 |a теория потенциала 
610 1 |a формфакторы 
610 1 |a секундарные уравнения 
610 1 |a кристаллические структуры 
610 1 |a энергия 
610 1 |a расчеты 
610 1 |a электростатическая энергия 
610 1 |a применение 
610 1 |a стабильность 
610 1 |a дефекты 
675 |a 539.2:530.145  |z rus  |v 3 
700 1 |a Ястребов  |b Л. И.  |g Леонид Иосифович  |4 070 
701 1 |a Кацнельсон  |b А. А.  |g Альберт Анатольевич  |4 070 
801 0 |a RU  |b RuMRKP  |c 19950704  |g psbo 
801 1 |a RU  |b 63413507  |c 20151204 
801 2 |a RU  |b 63413507  |c 20191014  |g RCR 
942 |c BK